Sports Quiz

Random Sports or NFL Quiz

Sports Illustrated Covers (2000s) Quiz Stats

 Plays Quiz Updated Aug 25, 2017

Support Sporcle.
Go Orange.
Score 0/36 Timer 07:00
7 Plays Today
Column Athlete % Correct
Column 1Lance Armstrong
92.3%
Column 3Yao Ming
91.5%
Column 2Shaquille O'Neal
90.8%
Column 5Michael Phelps
90.5%
Column 6Usain Bolt
89.9%
Column 2LeBron James
89.4%
Column 5Brett Favre
88.3%
Column 4Dwyane Wade
87.7%
Column 6Alex Rodriguez
86.9%
Column 6Aaron Rodgers
85.6%
Column 2Tom Brady
84.1%
Column 2Derek Jeter
83.6%
Column 3Carmelo Anthony
82.6%
Column 5Tim Tebow
82.5%
Column 5Danica Patrick
81.4%
Column 2Ichiro Suzuki
80.8%
Column 3Barry Bonds
80.3%
Column 6Roger Federer
80.2%
Column Athlete % Correct
Column 4Ray Lewis
77.2%
Column 4Albert Pujols
76.8%
Column 1Vince Carter
76.5%
Column 4Chad Johnson
76.3%
Column 4LaDainian Tomlinson
73.8%
Column 1Dale Earnhardt
73.6%
Column 6Manny Ramirez
72.8%
Column 3Mia Hamm
72.5%
Column 1Pedro Martinez
69.9%
Column 6Mariano Rivera
68.6%
Column 1Frank Thomas
68.6%
Column 3Troy Polamalu
67.5%
Column 3Kerry Wood & Mark Prior
63.9%
Column 2Ricky Williams
60.6%
Column 5Bill Belichick
58.8%
Column 5Tyler Hansbrough
48.7%
Column 4Oscar De La Hoya & Floyd Mayweather Jr.
48.5%
Column 1Anna Kournikova
43.2%

From the Vault

19th Century Literary Characters Match-up

by khands

Just because these characters are old doesn't mean they're old-fashioned.
Remove Ads.
Support Sporcle.
Get the best of Sporcle when you Go Orange. This ad-free experience offers more features, more stats, and more fun while also helping to support Sporcle. Thank you for becoming a member.

Show Comments

Extras

Top Quizzes Today


Score Distribution

Your Account Isn't Verified!

In order to create a playlist on Sporcle, you need to verify the email address you used during registration. Go to your Sporcle Settings to finish the process.

Report this User

Report this user for behavior that violates our Community Guidelines.

Details: